00866nam a2200217 a 4500999001500000001000600015003000900021005001700030008004500047040003800092082001900130100001800149245008100167250001700248260004300265300002800308650004500336942001500381952011700396952013500513 c1321d132112804BD-DhUAP20200205134401.0200204s2007 pk b | 00eng eng d aBD-DhUAPcBD-DhUAPbEngdBD-DhUAP00223a342.73 MAL aMalik, M. A.  aOutlines of the constitution of the United States of America /bM. A. Malik. aNew rev. ed. aLahore :bP. L. D. publishers,cc2007. axv, 199 pages ;c24 cm. 0aConstitutional lawzUnited States.96989 2ddccBK04 00102ddc4070aUAPCLbUAPCLcGeneral Stacksd2020-02-05o342.73 MALp3010012804r2020-02-05t1w2020-02-05yBK 00102ddc4070aUAPCLbUAPCLcGeneral Stacksd2020-02-05l1m1o342.73 MALp3010013290r2025-10-20s2025-07-16t2w2020-02-05yBK